000 00591nam a22001817a 4500
999 _c184044
_d184044
005 20230313123236.0
010 _aENG-131069
020 _a978-93-52-839-315
_c1135.00
035 _aEN-114601
037 _bDBAD
082 _a510
100 _aMalhotra, O.P.
245 _aISC MATHEMATICS BOOK 2:
_bfor Class XII/
_cO.P. MALHOTRA, S.K. GUPTA [and] ANUBHUTI GANGAL
260 _aNew Delhi
_bS Chand School Books
_c2013
270 _bNew Delhi
_aA-27, 2nd Floor, Mohan Co-operative Industrial Estate
_e110044
300 _a1668p.
_c24cm(pbk)
942 _2ddc
_cEN
_h510
_mMAL